| LEADER |
01282nam0a2200205 450 |
| 001 |
16838410 |
| 010 |
|
|
|a 978-2-7021-8289-5
|b br.
|d 21,9
|
| 100 |
|
|
|a 20211104d2021 u u0frey01 ba
|
| 101 |
1 |
|
|a fre
|c ita
|
| 102 |
|
|
|a FR
|
| 200 |
0 |
|
|a Je suis l'abysse
|f Donato Carrisi
|g traduit de l'italien par Anai[u0308]s Bouteille-Bokobza
|
| 207 |
|
1 |
|a
|
| 210 |
|
|
|a Paris
|c Calmann Lévy noir
|d 2021
|
| 215 |
|
|
|a 1 vol. (345 p.)
|d 24 cm
|
| 330 |
|
|
|a « L¹homme qui nettoie rôde autour de nous. Parmi nos déchets, il cherche des indices sur nos vies. En particulier sur celles des femmes seules. Une femme lui a fait beaucoup de mal enfant : sa mère. La chasseuse de mouches, elle, tente de sauver les femmes en péril. Et elles sont nombreuses... Surtout quand l¹homme qui nettoie rôde autour d¹elles. » Un nouveau thriller d¹une intensité rare où violence et angoisse cohabitent pour questionner notre attirance pour le mal, et les traces indélébiles que peuvent laisser les maltraitances du passé.
|
| 700 |
|
0 |
|a Carrisi
|b Donato
|c Auteur du texte
|f 1973-....
|4 70
|
| 701 |
|
0 |
|a Bouteille-Bokobza
|b Anai[u0308]s
|f 1976-....
|4 730
|
| 900 |
|
|
|a Roman Policier
|
| 901 |
|
|
|a Accessible au prêt
|
| 995 |
|
|
|a Bibliothèque
|c Bibliothèque
|f 024022115
|h 024022115
|k RP CAR
|o p
|q a
|r az
|e Bibliothèque
|